| 000 | 01032nam a22001697a 4500 | ||
|---|---|---|---|
| 999 |
_c63893 _d63893 |
||
| 003 | Ge_BSU | ||
| 005 | 20260213164630.0 | ||
| 008 | 260213s1963 ge ||||| |||| 00| 0 geo d | ||
| 041 | _ageo | ||
| 080 | _a338.43(075.9) ს-30 | ||
| 245 |
_aსასოფლო-სამეურნეო საწარმოთა ეკონომიკა : _b სასწავლო წიგნი / _c [სარედ. კოლ.: ვ. აბრამოვი და სხვა.; ქართ. თარგმ. რედ. და წინასიტყვაობა პ. ჟღენტის]; სკკპ ცკ-თან არსებული უმაღლ. პარტ. სკოლა. |
||
| 264 |
_aთბ. : _bსაქ. კპ ცკ-ს გამ-ბა, _c1963. |
||
| 300 |
_a647გვ. : _bილ. ; _c21სმ. |
||
| 504 | _aბიბლიოგრ. შენიშვნებში. | ||
| 653 | _aსოფლის მეურნეობის ეკონომიკა. | ||
| 942 |
_2udc _cᲬᲘᲒᲜᲘ |
||